| 000 | 00445nam a2200193Ia 4500 | ||
|---|---|---|---|
| 003 | OSt | ||
| 005 | 20251110113924.0 | ||
| 008 | 250729s2003 xx 000 0 und d | ||
| 020 | _a978-8184303667 | ||
| 040 | _cAL | ||
| 041 | _aeng | ||
| 082 | _a921 CAMK | ||
| 100 |
_aKrishnamurthy Babu _9224079 |
||
| 245 | _aCama Madam Bhikaiji Rustum | ||
| 260 |
_aBangalore _c2003 |
||
| 300 | _a48p | ||
| 650 |
_aHistory _9224080 |
||
| 942 |
_2ddc _cBED |
||
| 999 |
_c236233 _d236233 |
||